| 000 | 00723nam a2200241 a 4500 | ||
|---|---|---|---|
| 001 | 68168 | ||
| 003 | BD-RjUL | ||
| 005 | 20211209081734.0 | ||
| 008 | 170330s1970 nyua b 001 0 eng | ||
| 035 | _a(BD-RjUL)68378 | ||
| 040 |
_aLC _beng _cLC _dBD-RjUL |
||
| 041 | _aeng | ||
| 082 |
_223 _a632 _bSTO 1970 |
||
| 100 | 1 |
_aStrobel, Gary A, _d1938- _9202071 |
|
| 245 | 1 | 0 |
_aOutlines of plant pathology / _cGary A. Stobel and Don E. Mathre. |
| 260 |
_aNew York : _bVan Nostrand Reinhold, _cc1970. |
||
| 300 |
_aviii, 465 p. : _bill. ; _c25 cm. |
||
| 504 | _aIncludes index and bibliographies. | ||
| 650 | 0 |
_aPlant diseases. _9202072 |
|
| 700 | 1 |
_aMathre, Don E., _d1938- _9202073 |
|
| 942 |
_2ddc _cBK |
||
| 999 |
_c68168 _d68168 |
||